Statistics for Canada 101

Click here to take the quiz!

General Stats

  • This quiz has been taken 14 times
  • The average score is 9 of 15

Answer Stats

What is... ?Answer% Correct
Smallest province by sizePrince Edward Island
100%
Second largest city by populationMontreal
92%
Only province with English & French as official languagesNew Brunswick
77%
Province with the mildest climate in CanadaBritish Columbia
69%
This city hosts the biggest yearly event featuring bucking broncos, among other thingsCalgary
69%
4800 km mountain range separating Canada's west coast from the interiorRockies
69%
The only official sport of CanadaLacrosse
62%
This order of Canadian law enforcement was founded in 1873 with nine officersRCMP
54%
Toronto-based restaurant chain with nearly 5,000 locations worldwide as of 2019Tim Hortons
54%
Large island off the west coast of British ColumbiaVictoria
54%
"Founded" America more than 600 years before Columbus by landing in NewfoundlandVikings
54%
Canada is home to this, the oldest brewery in North AmericaMolson
46%
The second most populous city in the Province of Quebec after MontrealLaval
38%
The only pretigious car racing event of its type in North America, held in MontrealFormula 1
31%
Montreal has the most of this commercial establishment per capita in all the countryRestaurant
31%

Score Distribution

Percentile by Number Answered

Percent of People with Each Score

Your Score History

You have not taken this quiz